| 000 | 00779 a2200277 4500 | ||
|---|---|---|---|
| 001 | 200001505 | ||
| 003 | TR-AnTOB | ||
| 005 | 20241009142039.0 | ||
| 008 | 100902s2009 tu 000 0 | ||
| 020 | _a9786055813260 | ||
| 040 |
_aBGZ _cBGZ |
||
| 041 | 0 | _atur | |
| 049 | _aBGZA | ||
| 050 | 1 | 4 |
_aNA1361 _b.C35 2009 |
| 090 | _aNA1361 .C35 2009 | ||
| 100 | 1 |
_aCansever, Meltem _969963 |
|
| 245 | 1 | 0 |
_aTürkiye'nin kültür mirası 100 mimari şaheser / _cMeltem Cansever. |
| 246 | 1 | 3 | _a100 mimari şaheser |
| 264 | 1 |
_aİstanbul : _bNTV yayınları, _c2009. |
|
| 300 |
_a213 p. : _bill. ; _c24 cm. |
||
| 650 | 0 | 0 |
_915116 _aArchitecture _zTurkey _xHistory |
| 650 | 0 |
_aMimari _zTürkiye _xTarih _983406 |
|
| 650 | 0 |
_aİslam mimarisi _zTürkiye _997199 |
|
| 942 |
_cBK _2lcc |
||
| 999 |
_c200001505 _d28936 |
||